[Event "Berlin Teschner Memorial"]
[Site "Berlin"]
[Date "2023.05.18"]
[Round "1"]
[White "Peng, Li Min"]
[Black "Chinguun, Sundui"]
[Result "1-0"]
[WhiteElo "2553"]
[BlackElo "1858"]
[PlyCount "55"]
[EventDate "2023.05.18"]
[EventType "swiss"]
[EventRounds "7"]
[EventCountry "GER"]
[SourceTitle "CBM 214 Extra"]
[Source "ChessBase"]
[SourceDate "2023.07.31"]
[SourceVersion "1"]
[SourceVersionDate "2023.07.31"]
[SourceQuality "1"]

1. d4 Nf6 2. Bf4 c5 3. dxc5 Qa5+ 4. Qd2 Qxc5 5. Nc3 d6 6. e4 Bd7 7. 0-0-0 g6 8. f3 h5 9. h3 Bg7 10. Kb1 a6 11. Be3 Qc7 12. Nd5 Nxd5 13. exd5 Bf5 14. Ne2 h4 15. Nd4 Nd7 16. Nxf5 gxf5 17. Bd3 Ne5 18. Rhe1 b5 19. Bd4 Qd7 20. Bf1 Bh6 21. f4 f6 22. Qf2 Ng6 23. Bxf6 Bxf4 24. Bxh8 Bg3 25. Qf3 0-0-0 26. Bc3 Bxe1 27. Rxe1 Rf8 28. Re6 1-0

[Event "GER-ch U10"]
[Site "Willingen"]
[Date "2018.05.26"]
[Round "11"]
[White "Cernov, Henrik"]
[Black "Chinguun, Sundui"]
[Result "1/2-1/2"]
[WhiteElo "1353"]
[BlackElo "1533"]
[PlyCount "81"]
[EventDate "2018.05.19"]
[EventType "swiss"]
[EventRounds "11"]
[EventCountry "GER"]
[SourceTitle "CBM 184 Extra"]
[Source "ChessBase"]
[SourceDate "2018.06.28"]
[SourceVersion "1"]
[SourceVersionDate "2018.06.28"]
[SourceQuality "1"]

1. e4 c6 2. d4 d5 3. e5 Bf5 4. h4 h6 5. g4 Bh7 6. e6 fxe6 7. Bd3 Qd6 8. Bxh7 Rxh7 9. Qd3 Rh8 10. Qg6+ Kd8 11. Nf3 Nd7 12. 0-0 e5 13. Qxd6 exd6 14. Be3 Be7 15. h5 Ngf6 16. Nh2 Kc7 17. f3 Rae8 18. Nd2 Rhf8 19. Rae1 b6 20. b4 Rf7 21. c3 Ref8 22. a4 Kb7 23. Kg2 e4 24. f4 Nh7 25. Kg3 Kc7 26. Re2 a6 27. Ref2 b5 28. a5 c5 29. Nb3 cxb4 30. cxb4 Kb7 31. Rc2 Rc8 32. Rxc8 Kxc8 33. Rc1+ Kb7 34. Nf1 Bf6 35. Rc2 Ndf8 36. Nfd2 Ne6 37. Nb1 Rc7 38. Rxc7+ Kxc7 39. Nc3 Kc6 40. Bg1 Nhf8 41. Be3 1/2-1/2

[Event "GER-ch U10"]
[Site "Willingen"]
[Date "2018.05.25"]
[Round "9"]
[White "Poschadel, Andreas Gregor"]
[Black "Chinguun, Sundui"]
[Result "1-0"]
[WhiteElo "1762"]
[BlackElo "1533"]
[PlyCount "73"]
[EventDate "2018.05.19"]
[EventType "swiss"]
[EventRounds "11"]
[EventCountry "GER"]
[SourceTitle "CBM 184 Extra"]
[Source "ChessBase"]
[SourceDate "2018.06.28"]
[SourceVersion "1"]
[SourceVersionDate "2018.06.28"]
[SourceQuality "1"]

1. e4 c5 2. Nc3 a6 3. g3 b5 4. a3 Bb7 5. Bg2 e6 6. d3 Be7 7. f4 Nf6 8. Nf3 0-0 9. 0-0 Qc7 10. h3 d5 11. e5 Nfd7 12. Qe2 Nb6 13. g4 d4 14. Ne4 Nd5 15. Neg5 h6 16. Ne4 Nd7 17. g5 h5 18. Nh4 g6 19. Nf6+ N7xf6 20. gxf6 Nxf6 21. exf6 Bxf6 22. Bxb7 Qxb7 23. Qf2 Qd5 24. Kh2 Rad8 25. Rg1 Kh7 26. Qg3 Bxh4 27. Qxh4 Qf3 28. Qg3 Qd5 29. Bd2 c4 30. Rae1 Qc6 31. Re5 Rg8 32. Qg5 Qf3 33. f5 Kg7 34. fxg6 cxd3 35. Qh6+ Kf6 36. gxf7+ Kxf7 37. Qxe6+ 1-0

[Event "GER-ch U10"]
[Site "Willingen"]
[Date "2018.05.23"]
[Round "7"]
[White "Deuer, Marius"]
[Black "Chinguun, Sundui"]
[Result "1-0"]
[WhiteElo "1876"]
[BlackElo "1533"]
[PlyCount "73"]
[EventDate "2018.05.19"]
[EventType "swiss"]
[EventRounds "11"]
[EventCountry "GER"]
[SourceTitle "CBM 184 Extra"]
[Source "ChessBase"]
[SourceDate "2018.06.28"]
[SourceVersion "1"]
[SourceVersionDate "2018.06.28"]
[SourceQuality "1"]

1. e4 c6 2. d4 d5 3. Nd2 dxe4 4. Nxe4 Bf5 5. Ng3 Bg6 6. h4 h6 7. Nf3 Nd7 8. h5 Bh7 9. Bd3 Bxd3 10. Qxd3 e6 11. Bf4 Qa5+ 12. Bd2 Qc7 13. 0-0-0 Ngf6 14. c3 Bd6 15. Ne4 Nxe4 16. Qxe4 Nf6 17. Qe2 0-0-0 18. Kb1 Rhe8 19. Ne5 Bxe5 20. dxe5 Nd5 21. c4 Ne7 22. Bc3 Kb8 23. g4 Rxd1+ 24. Rxd1 Rd8 25. Rd6 Nc8 26. Rd2 b6 27. Qd1 Rxd2 28. Qxd2 c5 29. Qd3 Qe7 30. f4 Qh4 31. Qf3 Ne7 32. Qd1 Nc8 33. f5 exf5 34. e6 fxe6 35. Be5+ Kb7 36. Qd7+ Ka6 37. Qxc8+ 1-0

[Event "GER-ch U10"]
[Site "Willingen"]
[Date "2018.05.21"]
[Round "4"]
[White "Chinguun, Sundui"]
[Black "Puchas, Henrik"]
[Result "1-0"]
[WhiteElo "1533"]
[BlackElo "1405"]
[PlyCount "61"]
[EventDate "2018.05.19"]
[EventType "swiss"]
[EventRounds "11"]
[EventCountry "GER"]
[SourceTitle "CBM 184 Extra"]
[Source "ChessBase"]
[SourceDate "2018.06.28"]
[SourceVersion "1"]
[SourceVersionDate "2018.06.28"]
[SourceQuality "1"]

1. d4 d5 2. Nf3 e6 3. g3 Nf6 4. Bg2 a6 5. 0-0 c5 6. c4 dxc4 7. dxc5 Qxd1 8. Rxd1 Bxc5 9. Ne5 0-0 10. Nxc4 Nc6 11. a3 Bd7 12. Nc3 Rac8 13. Bg5 Rfd8 14. e3 h6 15. Bxf6 gxf6 16. Ne4 Be7 17. Ncd6 Rc7 18. Rac1 Kg7 19. b4 Be8 20. Nxe8+ Rxe8 21. Nc5 Bxc5 22. Rxc5 Rec8 23. Rdc1 Kf8 24. a4 Ke7 25. b5 Kd6 26. bxc6 bxc6 27. Kf1 f5 28. Ke2 f6 29. e4 fxe4 30. Bxe4 f5 31. Bg2 1-0

[Event "GER-ch U10"]
[Site "Willingen"]
[Date "2018.05.20"]
[Round "2"]
[White "Chinguun, Sundui"]
[Black "Aravindan, Midhulan"]
[Result "1-0"]
[WhiteElo "1533"]
[BlackElo "1412"]
[PlyCount "119"]
[EventDate "2018.05.19"]
[EventType "swiss"]
[EventRounds "11"]
[EventCountry "GER"]
[SourceTitle "CBM 184 Extra"]
[Source "ChessBase"]
[SourceDate "2018.06.28"]
[SourceVersion "1"]
[SourceVersionDate "2018.06.28"]
[SourceQuality "1"]

1. d4 Nf6 2. Nf3 e6 3. g3 Be7 4. Bg2 0-0 5. 0-0 d5 6. c4 b6 7. Nc3 Bb7 8. Re1 c5 9. Bf4 Nc6 10. cxd5 Nxd5 11. Nxd5 exd5 12. Rc1 Bf6 13. dxc5 Bxb2 14. Rc2 Bf6 15. cxb6 axb6 16. Qb1 Re8 17. Rd1 Re7 18. Qb3 Na5 19. Qb1 Nc4 20. Rxc4 Rxe2 21. Rc2 Re7 22. Be3 Re6 23. Bd4 Bxd4 24. Nxd4 Rd6 25. Qc1 Rd7 26. f4 Ba6 27. Qb2 Bc4 28. Nf5 f6 29. Rxc4 dxc4 30. Rxd7 Qxd7 31. Nh6+ gxh6 32. Bxa8 Qa7 33. Bd5+ Kg7 34. Kg2 Qc7 35. Qb4 c3 36. Qb1 c2 37. Qc1 f5 38. Bb3 Qc6+ 39. Kh3 Qe8 40. Qb2+ Kg6 41. Qxc2 Qb5 42. Qc4 Qxc4 43. Bxc4 h5 44. Kg2 h6 45. h4 Kf6 46. Kf3 Ke7 47. Ke3 Kd6 48. Kd4 Ke7 49. Ke5 Kf8 50. Kxf5 Kg7 51. Ke6 b5 52. Bb3 b4 53. f5 Kf8 54. f6 Ke8 55. f7+ Kf8 56. Bd1 b3 57. Bxb3 Kg7 58. Ke7 Kg6 59. f8Q Kh7 60. Qg8# 1-0

[Event "GER-ch U10"]
[Site "Willingen"]
[Date "2018.05.20"]
[Round "1"]
[White "Itin, Timofey"]
[Black "Chinguun, Sundui"]
[Result "0-1"]
[WhiteElo "1298"]
[BlackElo "1533"]
[PlyCount "62"]
[EventDate "2018.05.19"]
[EventType "swiss"]
[EventRounds "11"]
[EventCountry "GER"]
[SourceTitle "CBM 184 Extra"]
[Source "ChessBase"]
[SourceDate "2018.06.28"]
[SourceVersion "1"]
[SourceVersionDate "2018.06.28"]
[SourceQuality "1"]

1. e4 c5 2. Nc3 d6 3. d3 Nc6 4. g3 Nf6 5. Bg5 e6 6. Bh3 Be7 7. a3 Nxe4 8. Bxe7 Nxc3 9. Bxd8 Nxd1 10. Kxd1 Nxd8 11. Ne2 Nc6 12. Kd2 Bd7 13. Bg2 d5 14. Rad1 Rc8 15. Kc1 a6 16. Rhe1 0-0 17. c3 b5 18. c4 bxc4 19. dxc4 d4 20. Kb1 Rb8 21. Nc1 Na5 22. Bf1 Rfd8 23. Re4 Bc6 24. Rh4 Bf3 25. Rd3 g5 26. Rh6 Be4 27. Na2 Kg7 28. Rh5 Kg6 29. Rh3 f5 30. Ka1 e5 31. Rd2 Nb3# 0-1